000 00739nam a2200229Ia 4500
001 16677
003 GE_BSU
008 181216s||||||||xx |||||||||||||| ||und||
040 _cGE_BSU
080 _a821.161.3-31
100 _aშამიაკინი, ივანე
245 _aღრმა მდინარება
245 _bრომანი
245 _cთარგმ. გრ. იარალოვისა ; ილ.: ო. ჯიშკარიანი
260 _aთბილისი
260 _bსაბჭ. საქართველო
260 _c1958
300 _a384გვ. ; 20სმ.
653 _aრომანი
653 _aღრმა მდინარება
942 _cBK
999 _c49742
_d49742